000 00352nam a2200133 i 4500
001 bg
100 1 _aTARNOGRODZKI, Antoni
245 0 _aPodstawy gazodynamiczne niektórych urządzeń technicznych /
_cAntoni Tarnogrodzki.
260 _aWarszawa,
_c1979.
040 _cBPK
041 _apol
942 _cKS
008 s pl f |000 0 pol
999 _c19008
_d19008
856 _uhttp://koha.tu.koszalin.pl/cgi-bin/koha/opac-detail.pl?biblionumber=19008
_yKatalog online BPK